| 000 | 01229nam a22003257a 4500 | ||
|---|---|---|---|
| 003 | CHAP | ||
| 005 | 20220329133539.0 | ||
| 008 | 971013s1992 r 00010 d | ||
| 010 | _a7714 | ||
| 011 | _a8686 | ||
| 035 | _a7916 | ||
| 040 | _cCHAP | ||
| 090 | _aFolleto 14089 | ||
| 100 | 0 | 0 |
_aJiménez, J. _961690 |
| 245 | _aDinámica del crecimiento de especies arboreas en un rodal mixtoincoetáneo mediante la metodología de análisis troncal | ||
| 260 |
_aLinares, N.L. : _bUniversidad Autónoma de Nuevo Leon, _c1992 |
||
| 300 |
_a43 p. _e+ Gráfs |
||
| 490 |
_aUniversidad Autónoma de Nuevo León. Facultad de Ciencias Forestales. Reporte técnico _v; 31 |
||
| 590 |
_aBATCH-UPD _b10 _c20130110 _lUCH01 _h1216 |
||
| 590 |
_aBATCH-UPD _b10 _c20130410 _lUCH01 _h0753 |
||
| 590 |
_aBATCH-UPD _b10 _c20130914 _lUCH01 _h1704 |
||
| 590 |
_aCONVERSION _b10 _c20130109 _lUCH01 _h1305 |
||
| 650 | 1 | 4 |
_aÁrboles _xCrecimiento. _96583 |
| 650 | 1 | 4 |
_aRodales. _998229 |
| 650 | 1 | 4 |
_aTablas de volúmenes y rendimientos. _9111296 |
| 830 | 0 |
_aUniversidad Autónoma de Nuevo León. Facultad de Ciencias Forestales. Reporte técnico _v; 31 _9116336 |
|
| 901 | _aBK | ||
| 942 | _cFOLL | ||
| 949 |
_aFolleto 14089 _bBC _cFOLL _d-17868 _eTS1 _i7916 _si |
||
| 999 |
_c7714 _d7714 |
||